| 000 | 00853nas a2200277 4500 | ||
|---|---|---|---|
| 001 | BR0000822 | ||
| 003 | BR-BrBNA | ||
| 005 | 20231205101742.0 | ||
| 007 | ta | ||
| 008 | 230509b bl.|||p| |||| 00| 00por d | ||
| 040 |
_aBR-BrBNA _bpor _cBiblioteca Nacional de Agricultura |
||
| 041 | _a(Pt) | ||
| 072 | _aL53 | ||
| 100 | 1 | _aPadilha, R.J.R. | |
| 100 | 1 | _aGuerra, M.M.P. | |
| 100 | 1 | _aMarques Junior, A.P. | |
| 245 | 1 | _aInfluencia de diferentes concentracoes de hCG sobre a maturacao citoplasmatica de ovocitos caprinos | |
| 650 | _aCaprino | ||
| 650 | _aOvulo | ||
| 650 | _aMaturacao | ||
| 650 | _aCitoplasma | ||
| 650 | _aHormonio Animal | ||
| 773 | 0 |
_tRevista Brasileira de Reproducao Animal (Brazil) _xISSN 0102-0803 _g(Jul-Sep 1999), v. 23(3) p. 273-275 _wBR0000822 |
|
| 909 |
_a202311 _bLúcia _c55 _dLúcia Elande |
||
| 942 |
_2AGRIS _n0 _cANA |
||
| 999 |
_c163669 _d163669 |
||